000 01154nam a2200361 c 4500
001 52849
003 ES-MaCES
005 20250203133331.0
008 230828s2023 sp | | |||| 000 0 spa
017 _aAB 20-2023
_bDL
020 _a9788419574046
040 _cES-MaCES
_aES-MaCES
_bspa
100 1 _940747
_aRodríguez Fernández, Juan Ramón
245 1 3 _aLa educación ya no es lo que era
_b: encrucijadas educativas en un mundo posmoderno
_cJuan Ramón Rodríguez Fernández
250 _a1ª ed
260 _aAlbacete
_bBomarzo
_c2023
300 _a136 p.
_c24 cm
490 1 _aHistoria y cultura del trabajo
504 _aBibliografía: p. 125-136
541 _cCompra
650 4 _aeducación
_927367
650 4 _asistema educativo
_927375
650 4 _acambio tecnológico
_928236
650 4 _aoportunidades de educación
_927181
650 4 _aigualdad de oportunidades
_927183
650 4 _adesarrollo social
_929239
650 4 _acambio social
_927286
650 4 _ateoría social
_927032
653 1 0 _aEducación
830 0 _935019
_aHistoria y cultura del trabajo
902 _aLIB Libro
942 _2CES
_cBK
_h4.0.
999 _c52849
_d52849